Zwischen Zynismus und Nostalgie: die Umsetzung von Restorative Justice und Mediation in Strafsachen in Belgien

Saved in:  
Bibliographic Details
Main Author: Garsse, Leo van (Author)
Format: Print Article
Language:German
Published: 2013
In: TOA-Infodienst
Year: 2013, Volume: 46, Pages: RJ-43 - RJ-50
Check availability: HBZ Gateway
Keywords:

MARC

LEADER 00000caa a2200000 c 4500
001 1631488759
003 DE-627
005 20250407144746.0
007 tu
008 130322s2013 xx ||||| 00| ||ger c
035 |a (DE-627)1631488759 
035 |a (DE-576)380303981 
035 |a (DE-599)BSZ380303981 
040 |a DE-627  |b ger  |c DE-627  |e rakwb 
041 |a ger 
100 1 |a Garsse, Leo van  |4 aut 
245 1 0 |a Zwischen Zynismus und Nostalgie  |b die Umsetzung von Restorative Justice und Mediation in Strafsachen in Belgien  |c Leo van Garsse 
264 1 |c 2013 
336 |a Text  |b txt  |2 rdacontent 
337 |a ohne Hilfsmittel zu benutzen  |b n  |2 rdamedia 
338 |a Band  |b nc  |2 rdacarrier 
500 |a Auch als: Restorative Justice : der Versuch, das Unübersetzbare in Worte zu fassen ; 6 
773 0 8 |i In  |t TOA-Infodienst  |d Köln : Büro, 1999  |g 46(2013), Seite RJ-43 - RJ-50  |w (DE-627)323606245  |w (DE-600)2026215-2  |w (DE-576)091208912  |x 1613-9356  |7 nnas 
773 1 8 |g volume:46  |g year:2013  |g pages:RJ-43 - RJ-50 
951 |a AR 
ELC |b 1 
LOK |0 000 xxxxxcx a22 zn 4500 
LOK |0 001 3282329873 
LOK |0 003 DE-627 
LOK |0 004 1631488759 
LOK |0 005 20250407141451 
LOK |0 008 130322||||||||||||||||ger||||||| 
LOK |0 040   |a DE-21-110  |c DE-627  |d DE-21-110 
LOK |0 689   |a s  |a Mediation 
LOK |0 689   |a s  |a Restorative Justice 
LOK |0 689   |a s  |a Implementation 
LOK |0 689   |a s  |a Entwicklung 
LOK |0 689   |a g  |a Belgien 
LOK |0 852   |a DE-21-110 
LOK |0 852 1  |m p  |9 00 
LOK |0 938   |k p 
LOK |0 939   |a 22-03-13  |b l01 
ORI |a SA-MARC-krimdoka001.raw